[Event "POL-chT3 Wielkopolskie 1314"]
[Site "Poland"]
[Date "2014.02.16"]
[Round "7.36"]
[White "Swiatnicka, Malgorzata"]
[Black "Szelag, Zuzanna"]
[Result "1/2-1/2"]
[WhiteElo "1841"]
[BlackElo "1516"]
[PlyCount "109"]
[EventDate "2013.10.27"]
[EventType "team-tourn"]
[EventRounds "11"]
[EventCountry "POL"]
[SourceTitle "EXT 2015"]
[Source "ChessBase"]
[SourceDate "2014.11.20"]
[SourceVersion "1"]
[SourceVersionDate "2014.11.20"]
[SourceQuality "1"]
[WhiteTeam "Konin Hetman"]
[BlackTeam "Gniezno LKS Chrobry II"]
[WhiteTeamCountry "POL"]
[BlackTeamCountry "POL"]

1. e4 c5 2. Nf3 g6 3. c3 d5 4. exd5 Qxd5 5. d4 Bg7 6. Be2 Nf6 7. 0-0 0-0 8. dxc5 Qxc5 9. Be3 Qc7 10. h3 Nc6 11. Na3 Be6 12. Nb5 Qd8 13. Qxd8 Raxd8 14. Nxa7 Nxa7 15. Bxa7 Ra8 16. Bc5 Bxa2 17. Nd4 Nd5 18. Bf3 Bc4 19. Rfe1 Rxa1 20. Rxa1 Re8 21. Ra7 b6 22. Ba3 e6 23. Rb7 Bxd4 24. cxd4 b5 25. g3 Ra8 26. Kg2 Rd8 27. h4 h5 28. Kg1 Ra8 29. Be4 Rd8 30. Bc5 Ra8 31. Ba3 Rd8 32. f3 Ne3 33. Bc5 Ra8 34. Ba7 Nd5 35. Kf2 Rc8 36. Bxd5 exd5 37. Ke3 Re8+ 38. Kf4 Re2 39. b4 Re6 40. Kg5 Be2 41. f4 Re3 42. Bc5 Kg7 43. f5 Rxg3+ 44. Kf4 Rf3+ 45. Ke5 Rxf5+ 46. Kd6 Rf4 47. Re7 Bc4 48. Kd7 Re4 49. Bd6 Rxe7+ 50. Kxe7 f6 51. Bf4 g5 52. Bg3 gxh4 53. Bxh4 f5 54. Ke6 Kg6 55. Ke5 1/2-1/2

[Event "POL-chT3 Wielkopolskie 1314"]
[Site "Poland"]
[Date "2013.12.01"]
[Round "3.30"]
[White "Sokolowska, Anna"]
[Black "Swiatnicka, Malgorzata"]
[Result "0-1"]
[WhiteElo "1465"]
[BlackElo "1841"]
[PlyCount "78"]
[EventDate "2013.10.27"]
[EventType "team-tourn"]
[EventRounds "11"]
[EventCountry "POL"]
[SourceTitle "EXT 2015"]
[Source "ChessBase"]
[SourceDate "2014.11.20"]
[SourceVersion "1"]
[SourceVersionDate "2014.11.20"]
[SourceQuality "1"]
[WhiteTeam "Kalisz KTS"]
[BlackTeam "Konin Hetman"]
[WhiteTeamCountry "POL"]
[BlackTeamCountry "POL"]

1. e4 e5 2. Nf3 Nf6 3. Nc3 Nc6 4. Bc4 Nxe4 5. Bxf7+ Kxf7 6. Nxe4 d5 7. Ng3 Bc5 8. d3 Rf8 9. 0-0 Qf6 10. Bg5 Qg6 11. Qd2 h6 12. Bh4 Kg8 13. Kh1 Bg4 14. Ne1 Rf4 15. Ne2 Bxe2 16. Qxe2 Rxh4 17. Nf3 Rh5 18. c4 dxc4 19. dxc4 Rf8 20. a3 a5 21. Rae1 Bd6 22. Qe4 Qxe4 23. Rxe4 Rhf5 24. Kg1 Rf4 25. Rxf4 Rxf4 26. b3 Bxa3 27. Nd2 Bb4 28. Nf3 e4 29. Ne1 Nd4 30. g3 Rf7 31. Ng2 Nxb3 32. Ne3 a4 33. Rb1 Bc5 34. Rb2 Bxe3 35. fxe3 Rf3 36. Ra2 Nc5 37. Ra3 Kf7 38. Kg2 Kf6 39. h3 h5 0-1

[Event "POL-chT3 Wielkopolska 1112"]
[Site "Poland"]
[Date "2012.??.??"]
[Round "4.30"]
[White "Kupsik, Joanna"]
[Black "Swiatnicka, Malgorzata"]
[Result "1-0"]
[WhiteElo "1696"]
[BlackElo "1839"]
[PlyCount "73"]
[EventDate "2011.11.27"]
[EventType "team-tourn"]
[EventRounds "11"]
[EventCountry "POL"]
[SourceTitle "EXT 2014"]
[Source "ChessBase"]
[SourceDate "2013.11.20"]
[SourceVersion "1"]
[SourceVersionDate "2013.11.20"]
[SourceQuality "1"]
[WhiteTeam "Steszew Lipno"]
[BlackTeam "Konin Hetman"]
[WhiteTeamCountry "POL"]
[BlackTeamCountry "POL"]

1. e4 e5 2. Nf3 Nc6 3. Bc4 Bc5 4. d3 d6 5. Nc3 Nf6 6. h3 a6 7. a3 Be6 8. Ba2 Qd7 9. Be3 Bxe3 10. fxe3 0-0 11. Qe2 Rab8 12. Qf2 Bxa2 13. Nxa2 d5 14. exd5 Nxd5 15. e4 Nf4 16. g4 Rbd8 17. Nxe5 Nxd3+ 18. Nxd3 Rfe8 19. Nc3 Nd4 20. 0-0-0 b6 21. g5 c5 22. h4 Qc6 23. Rhf1 Rd7 24. Qf4 Rde7 25. Qf2 Rd8 26. Nf4 b5 27. Nfd5 Rb7 28. Rxd4 cxd4 29. Qxd4 Rdd7 30. Qe5 Qc8 31. Rg1 Kf8 32. h5 Qc5 33. Rh1 Qd6 34. Qf5 g6 35. hxg6 hxg6 36. Rh8+ Kg7 37. Qh3 1-0

[Event "POL-chT3 Wielkopolska 1112"]
[Site "Poland"]
[Date "2012.??.??"]
[Round "11.18"]
[White "Piechota, Izabela"]
[Black "Swiatnicka, Malgorzata"]
[Result "1-0"]
[WhiteElo "1757"]
[BlackElo "1839"]
[PlyCount "59"]
[EventDate "2011.11.27"]
[EventType "team-tourn"]
[EventRounds "11"]
[EventCountry "POL"]
[SourceTitle "EXT 2014"]
[Source "ChessBase"]
[SourceDate "2013.11.20"]
[SourceVersion "1"]
[SourceVersionDate "2013.11.20"]
[SourceQuality "1"]
[WhiteTeam "Szamotuly Baszta"]
[BlackTeam "Konin Hetman"]
[WhiteTeamCountry "POL"]
[BlackTeamCountry "POL"]

1. e4 e5 2. f4 Bc5 3. Nf3 d6 4. Bc4 Nf6 5. d3 0-0 6. Nc3 a6 7. Qe2 Nc6 8. a3 Bg4 9. h3 Bxf3 10. Qxf3 Nd4 11. Qd1 Nd7 12. Ne2 Nxe2 13. Kxe2 exf4 14. Bxf4 Qf6 15. Qc1 Rae8 16. Rf1 Qg6 17. Kf3 Ne5+ 18. Bxe5 Rxe5 19. g4 h5 20. Kg3 c6 21. Qd1 d5 22. exd5 cxd5 23. Bb3 Qg5 24. Kh2 Rfe8 25. Qf3 f6 26. Rad1 Kh8 27. Kh1 Re3 28. Qg2 Re2 29. Qxd5 R8e5 30. Qg8# 1-0

[Event "POL-chT 2st League"]
[Site "Mrzezyno"]
[Date "2010.09.04"]
[Round "1.42"]
[White "Swiatnicka, Malgorzata"]
[Black "Leszner, Liliana"]
[Result "0-1"]
[WhiteElo "1822"]
[BlackElo "2120"]
[PlyCount "70"]
[EventDate "2010.09.04"]
[EventType "team-swiss"]
[EventRounds "9"]
[EventCountry "POL"]
[SourceTitle "EXT 2019"]
[Source "ChessBase"]
[SourceDate "2018.10.10"]
[SourceVersion "1"]
[SourceVersionDate "2018.10.10"]
[SourceQuality "1"]
[WhiteTeam "Konin Hetman"]
[BlackTeam "Gostynin Gostmat 83"]
[WhiteTeamCountry "POL"]
[BlackTeamCountry "POL"]

1. e4 d6 2. d4 g6 3. c3 Bg7 4. Nf3 Nf6 5. Bd3 0-0 6. 0-0 c5 7. dxc5 dxc5 8. Be3 Qc7 9. Nbd2 Rd8 10. Qe2 b6 11. Rad1 Bb7 12. Rfe1 Nc6 13. Ba6 Bxa6 14. Qxa6 Ng4 15. Qe2 Rd7 16. Nc4 Rad8 17. Rxd7 Qxd7 18. h3 Nf6 19. Bf4 Nh5 20. Bh2 Bh6 21. Ne3 Qe6 22. Ng4 Bf4 23. Bxf4 Nxf4 24. Qe3 Nd3 25. Ng5 Qxa2 26. Rd1 Nxb2 27. Rxd8+ Nxd8 28. Qd2 Qb1+ 29. Kh2 Nd3 30. c4 f6 31. Nxh7 Nf7 32. Nhxf6+ exf6 33. Nxf6+ Kg7 34. Ne8+ Kf8 35. Nf6 Qb3 0-1